000 00434nam a2200109Ia 4500
008 160909s9999 xx 000 0 und d
100 _aSmith, Saress Ellerbe
245 4 _aThe use of micro-blogging for teacher professional development support and personalized professional development
260 _bPepperdine University.
_c2016
650 _aInformation Technology
856 _uhttp://pqdtopen.proquest.com/doc/1807413490.html?FMT=ABS
999 _c303780
_d303780